| 000 | 01361cam a2200373 a 4500 | ||
|---|---|---|---|
| 999 |
_c7911 _d7911 |
||
| 001 | 991006415339706706 | ||
| 003 | OSt | ||
| 005 | 20240617133811.0 | ||
| 008 | 921010c1979 spc|||||| 000 ||cat | ||
| 017 |
_aDL B. 9126-1980 _bBiblioteca de Catalunya |
||
| 020 | _a8429714928 | ||
| 035 | _a(ES-BaCBU).b11449317 | ||
| 035 | _a(OCoLC)802869133 | ||
| 040 |
_aES-BaBC _bcat _cCDMR |
||
| 080 | _a504(467.1) | ||
| 090 |
_aHC390.E5 _bG37 1979 |
||
| 090 |
_aHC390.E5 _bG37 1980 |
||
| 100 | 1 |
_aGarcĂa, Xavier _91176 |
|
| 245 | 1 | 3 |
_aEl Combat ecologista a Catalunya / _cXavier Garcia, Jaume Reixac, Santiago Vilanova |
| 260 |
_aBarcelona : _bEdicions 62, _c1979 |
||
| 300 |
_a280 p. ; _c18 cm |
||
| 490 | 1 |
_aLlibres a l'abast ; _v146 |
|
| 500 | _aReimpressions: 1980 | ||
| 500 | _aII Premi Xarxa | ||
| 650 | 7 |
_aEcologisme _zCatalunya. _2lemac |
|
| 700 | 1 |
_aReixach, Jaume _963 |
|
| 700 | 1 |
_aVilanova, Santiago _9843 |
|
| 830 | 0 |
_aLlibres a l'abast ; _v146 |
|
| 907 |
_a.b11449317 _b15-06-21 _c06-05-08 _d07-05-08 _em _fa _g- _hcat _isp _j3 _k20 |
||
| 908 |
_aUB _aICIP _aAHS _aCOAC _aCDAM _aURV _aUAB _aCLR _aBMVB _aBC _aAHCB _aBAB _aISPC _aBPC _aUPF _aBMON _aANC _aGCDAC _aUPC _aURL _aUdL _aGEPA _aCHCC _aMD |
||
| 940 | _aBC | ||
| 942 |
_2udc _cMON |
||
| 949 |
_a1003020812 _bD3 6102/10 _c1 _d0 _e0 _f24.04.13 _g1 _k1300 _m24.04.13 _n24.04.13 _o0 _pFons: Andreu Castells Peig (R. Castells 4058) |
||